00257 a2200109 4500001000700000040003500007100002000042240003400062245002900096362000900125440001300134148917 cEscola São Tomás de Aquino aLARREULA, Enric10aBruxa Onilda vai a Parislpor10aBruxa Onilda vai a Paris0 a2003 1aScipione